Normal view
MARC view
Entry Personal Name
001 - CONTROL NUMBER
- control field: 12100
003 - CONTROL NUMBER IDENTIFIER
- control field: ARRUPE
005 - DATE AND TIME OF LATEST TRANSACTION
- control field: 20141007140009.0
008 - FIXED-LENGTH DATA ELEMENTS
- fixed length control field: 141007|| aca||aabn | a|a d
040 ## - CATALOGING SOURCE
- Original cataloging agency: ARRUPE
- Transcribing agency: ARRUPE
100 ## - HEADING--PERSONAL NAME
- Personal name: White, Gilbert,
- Dates associated with a name: 1720-1793
- General subdivision: Diaries.
670 ## - SOURCE DATA FOUND
- Source citation: Work cat.: (ARRUPE)0: White, Gilbert, 1720-1793. 8557, Gilbert White's journals,, 1982